000 00747nam a2200217Ia 4500
003 OSt
005 20240923102049.0
008 210719s1977 xx 000 0 und d
040 _cAL
041 _akannada
082 _aK894.9 SACB
100 _aSACHICHIDANANDAYYA (K);MAHABALESHWARA BHAT; (L R) BHAT Ed
_dಸಚ್ಚಿದಾನಂದಯ್ಯ (ಕೆ);ಮಹಾಬಲೇಶ್ವರ ಭಟ್; (ಎಲ್ ಅರ್) ಭಟ್
_9179921
245 _aBrahmagiri
_bಬ್ರಹ್ಮಗಿರಿ
260 _aKodagu
_bShri Kaveri Prakashana
_c1977
300 _axxii,607
_bHB
365 _b50
_cRs
650 _aKannada Criticism
_9179922
650 _aKannada literature
_9179923
906 _aBharatisuta ; Brahmagiri
942 _2ddc
_cBK
999 _c214483
_d214483